| 000 | 01679nam a2200493 i 4500 | ||
|---|---|---|---|
| 001 | 25793 | ||
| 003 | KOSZ 005 | ||
| 005 | 20200721094207.0 | ||
| 008 | 200721s1973 pl a f 001 0 pol | ||
| 015 | _aUWD 1974/950 | ||
| 035 | _a991028184129705066 | ||
| 035 | _a(PL-WaBN)b17631841-48omnis_nlop | ||
| 035 | _ab17631841 | ||
| 035 | _a(OCoLC)838769706 | ||
| 035 | _a(PL)b0000001763184 | ||
| 035 | _a(EXLNZ-48OMNIS_NETWORK)9910365360805606 | ||
| 040 |
_aWA N _cWA N _dKOSZ 005/RW |
||
| 046 | _k1973 | ||
| 080 | _a519.2 | ||
| 080 | _a(07) | ||
| 100 | 1 |
_aPuchalski, Tadeusz _d(1908-1979) _eAutor |
|
| 245 | 1 | 0 |
_aWnioskowanie statystyczne : _bstatystyka matematyczna / _cTadeusz Puchalski. |
| 260 |
_aWarszawa : _bPaństwowe Wydawnictwo Naukowe, _c1973. |
||
| 300 |
_a363 strony, [1] strona tablic : _bwykresy ; _c24 cm. |
||
| 336 |
_aTekst _btxt _2rdacontent |
||
| 337 |
_aBez urządzenia pośredniczącego _bn _2rdamedia |
||
| 338 |
_aWolumin _bnc _2rdacarrier |
||
| 380 | _aKsiążki | ||
| 380 | _aPublikacje dydaktyczne | ||
| 385 |
_mPoziom nauczania _aSzkoły wyższe |
||
| 388 | 1 | _a1901-2000 | |
| 388 | 1 | _a1945-1989 | |
| 504 | _aIndeks. | ||
| 521 | 8 | _aSkrypt dla studentów wyższych szkół ekonomicznych. | |
| 650 | 7 |
_aStatystyka matematyczna _2DBN |
|
| 650 | 7 | _aRachunek prawdopodobieństwa | |
| 650 | 7 | _aZastosowanie i wykorzystanie | |
| 655 | 7 |
_aPodręcznik _2DBN |
|
| 658 | _aMatematyka | ||
| 710 | 2 |
_aPaństwowe Wydawnictwo Naukowe _4pbl |
|
| 856 |
_uhttp://koha.tu.koszalin.pl/cgi-bin/koha/opac-detail.pl?biblionumber=25793 _yKatalog online BPK |
||
| 942 |
_2UKD _cKS |
||
| 999 |
_c25793 _d25793 |
||